Normal view
MARC view
Entry Personal Name
001 - CONTROL NUMBER
- control field: 4303
003 - CONTROL NUMBER IDENTIFIER
- control field: BD-DhBUF
005 - DATE AND TIME OF LATEST TRANSACTION
- control field: 20260118130332.0
008 - FIXED-LENGTH DATA ELEMENTS
- fixed length control field: 260118|| aca||aabn | a|a d
040 ## - CATALOGING SOURCE
- Original cataloging agency: BD-DhBUF
- Transcribing agency: BD-DhBUF
100 ## - HEADING--PERSONAL NAME
- Personal name: Deines, Dan
670 ## - SOURCE DATA FOUND
- Source citation: Work cat.: (BD-DhBUF)2967: Ainsworth, Penne. 356, Introduction to accounting :, 1997.
